Visualizzazione normale
Vista MARC
- Lecocq Charles André
di Personal Name
Records bibliografici associati: 1
001 - CONTROL NUMBER
- control field: 5915
003 - CONTROL NUMBER IDENTIFIER
- control field: IT-RoPau
005 - DATE AND TIME OF LATEST TRANSACTION
- control field: 20131218095545.0
008 - FIXED-LENGTH DATA ELEMENTS
- fixed length control field: 131218|| aca||aabn | a|a d
040 ## - CATALOGING SOURCE
- Original cataloging agency: IT-RoPau
- Transcribing agency: IT-RoPau
100 ## - HEADING--PERSONAL NAME
- Personal name: Lecocq Charles André
- Dates associated with a name: Codice autore musica SPICS: 13807
- Relator term: Autore musica
- Name of part/section of a work: Sonata a tre
670 ## - SOURCE DATA FOUND
- Source citation: Work cat.: (IT-RoPau)99589: AA.VV. 794, Italienische Violinsonaten (Lp 642095 Aq)